000 00820nas a2200265 4500
001 BR8708011
003 BR-BrBNA
005 20231205090957.0
007 ta
008 230509b bl.|||p| |||| 00| 00por d
040 _aBR-BrBNA
_bpor
_cBiblioteca Nacional de Agricultura
041 _a(Pt)
072 _aL74
100 1 _aGorniak, S.L.
100 1 _aPalermo Neto, J.
100 1 _aSpinosa, H.S.
245 1 _aPlantas toxicas de interesse agropecuario: Palicourea marcgravii
246 1 _aToxicant herbs with livestock interest: Palicourea marcgravii
650 _aBOVINO
650 _aERVA DE RATO
650 _aINTOXICACAO ANIMAL
773 0 _tHora Veterinaria (Brazil)
_xISSN 0101-9163
_g(Sep-Oct 1987), v. 7(39) p. 40-44
_wBR8708011
909 _a202311
_bLúcia
_c55
_dLúcia Elande
942 _2AGRIS
_n0
_cANA
999 _c121991
_d121991